Brutti sogni in ripostiglio /

Gespeichert in:
Bibliographische Detailangaben
1. Verfasser: Mayer, Marcer (Verfasst von)
Weitere Verfasser: Lughi, Giulio (Übersetzung)
Format: Buch
Sprache:Italienisch
Veröffentlicht: Trieste : E. Elle, c1989
Schriftenreihe:Un libro in tasca ; 40
Tags: Tag hinzufügen
Keine Tags, Fügen Sie das erste Tag hinzu!

MARC

LEADER 00000nam a22000007i 4500
001 IT\ICCU\RLZ\0198266
003 ItRI
005 20260115231918.0
008 020701s1989 it |||||| ||||| |||||c
020 |a 887068119X 
040 |b ita  |c importazione bologna sebina 
041 7 |a ita  |2 ISO-639-2 
100 1 |a Mayer, Marcer  |0 IT\ICCU\RLZV\083912  |4 aut 
240 1 0 |a There's a nightmare in my closet  |3 IT\ICCU\RT1\1002909  |9 Mayer, Mercer 
245 1 0 |a Brutti sogni in ripostiglio /  |c scritto e illustrato da Mercer Mayer ; tradotto da Giulio Lughi. 
260 |a Trieste :  |b E. Elle,  |c c1989 
300 |a 1 v. :  |b ill. ;  |c 18 cm. 
700 1 |a Lughi, Giulio  |0 IT\ICCU\CFIV\007547  |4 trl 
830 3 |a Un libro in tasca ;  |v 40  |0 IT\ICCU\CFI\0002488 
942 |2 ddc  |c BK  |n 0 
952 |0 0  |1 0  |4 0  |6 R_741_642000000000000_MER  |7 0  |9 16258  |a BO  |b BO  |d 2026-01-15  |i 5869  |l 0  |o R 741.642 MER  |p BO5869  |r 2026-01-15 23:19:18  |w 2026-01-15  |x [Sebina 5] [1 v.]  |y BK  |z 1 v. 
999 |c 13954  |d 13954